[Event "HUN-chT2 Maroczy 1718"]
[Site "Hungary"]
[Date "2018.01.28"]
[Round "5.10"]
[White "Felmery, Mate"]
[Black "Kassay, Lilla"]
[Result "1-0"]
[WhiteElo "2109"]
[BlackElo "2049"]
[PlyCount "65"]
[EventDate "2017.10.29"]
[EventType "team-tourn"]
[EventRounds "9"]
[EventCountry "HUN"]
[SourceTitle "EXT 2021"]
[Source "ChessBase"]
[SourceDate "2020.10.23"]
[SourceVersion "1"]
[SourceVersionDate "2020.10.23"]
[SourceQuality "1"]
[WhiteTeam "Budapest Vasas"]
[BlackTeam "Miskolc KisBocsok"]
[WhiteTeamCountry "HUN"]
[BlackTeamCountry "HUN"]

1. e4 c5 2. d4 cxd4 3. c3 dxc3 4. Nxc3 Nc6 5. Bc4 e6 6. Nf3 a6 7. 0-0 b5 8. Bb3 Qc7 9. Qe2 Nge7 10. Rd1 Ng6 11. Be3 Be7 12. Rac1 0-0 13. a4 b4 14. Nd5 exd5 15. exd5 Bb7 16. dxc6 Bxc6 17. Nd4 Qb7 18. Qg4 Bf6 19. Rd2 Rac8 20. Rcd1 Ne5 21. Qg3 Bd5 22. Bf4 Ng6 23. Bd6 Rfe8 24. Nf5 Bxb3 25. Qxb3 Qe4 26. Ng3 Qg4 27. h3 Qh4 28. Qxb4 Rc4 29. Qb7 Rxa4 30. Qxd7 Rd8 31. Qc6 Qc4 32. Qb7 Re8 33. b3 1-0

[Event "HUN-chT2 Maroczy 1718"]
[Site "Hungary"]
[Date "2017.12.17"]
[Round "4.11"]
[White "Tanacs, Anna"]
[Black "Kassay, Lilla"]
[Result "0-1"]
[WhiteElo "1980"]
[BlackElo "2030"]
[PlyCount "52"]
[EventDate "2017.10.29"]
[EventType "team-tourn"]
[EventRounds "9"]
[EventCountry "HUN"]
[SourceTitle "EXT 2021"]
[Source "ChessBase"]
[SourceDate "2020.10.23"]
[SourceVersion "1"]
[SourceVersionDate "2020.10.23"]
[SourceQuality "1"]
[WhiteTeam "Toth Laszlo"]
[BlackTeam "Miskolc KisBocsok"]
[WhiteTeamCountry "HUN"]
[BlackTeamCountry "HUN"]

1. g3 Nf6 2. Bg2 e6 3. d4 c5 4. Nf3 Nc6 5. 0-0 cxd4 6. Nxd4 Be7 7. c4 0-0 8. Nc3 a6 9. e4 Qc7 10. Nxc6 bxc6 11. Be3 Rd8 12. Na4 Rb8 13. e5 Ne8 14. c5 Rb5 15. f4 Qa7 16. Qc2 Nc7 17. Nb6 Nd5 18. Bxd5 cxd5 19. Qc3 Qc7 20. Rac1 a5 21. a3 d4 22. Bxd4 Bb7 23. c6 dxc6 24. Nc4 Rxd4 25. Nd6 Qb6 26. Qe3 Bxd6 0-1

[Event "EU-chT U18 Girls"]
[Site "Rymanow Zdroj"]
[Date "2017.08.20"]
[Round "4.8"]
[White "Nestorovic, Katarina"]
[Black "Kassay, Lilla"]
[Result "1-0"]
[WhiteElo "1941"]
[BlackElo "2011"]
[PlyCount "61"]
[EventDate "2017.08.17"]
[EventType "team-swiss"]
[EventRounds "7"]
[EventCountry "POL"]
[SourceTitle "CBM 180 Extra"]
[Source "ChessBase"]
[SourceDate "2017.10.06"]
[SourceVersion "1"]
[SourceVersionDate "2017.10.06"]
[SourceQuality "1"]
[WhiteTeam "Serbia U18 Girls II"]
[BlackTeam "Hungary U18 Girls II"]
[WhiteTeamCountry "SRB"]
[BlackTeamCountry "HUN"]

1. e4 c5 2. Nf3 d6 3. d4 cxd4 4. Nxd4 Nf6 5. Nc3 a6 6. Nb3 e6 7. g4 Be7 8. g5 Nfd7 9. f4 b5 10. a3 Bb7 11. Bg2 Nc6 12. Bd2 Nb6 13. Qh5 b4 14. axb4 Nxb4 15. 0-0-0 Nc4 16. Rhg1 a5 17. g6 Kf8 18. gxf7 Qb6 19. Na4 Nd3+ 20. Kb1 Nxd2+ 21. Nxd2 Qb4 22. cxd3 Qxa4 23. Nc4 Qb4 24. Bh3 Bxe4 25. Bxe6 Bc6 26. Rxg7 Bf6 27. Rg8+ Ke7 28. Qe2 Be5 29. Nxe5 dxe5 30. Qxe5 Qd6 31. Qxh8 1-0

[Event "EU-chT U18 Girls"]
[Site "Rymanow Zdroj"]
[Date "2017.08.19"]
[Round "3.4"]
[White "Kassay, Lilla"]
[Black "Antolak, Julia"]
[Result "0-1"]
[WhiteElo "2011"]
[BlackElo "2204"]
[PlyCount "88"]
[EventDate "2017.08.17"]
[EventType "team-swiss"]
[EventRounds "7"]
[EventCountry "POL"]
[SourceTitle "CBM 180 Extra"]
[Source "ChessBase"]
[SourceDate "2017.10.06"]
[SourceVersion "1"]
[SourceVersionDate "2017.10.06"]
[SourceQuality "1"]
[WhiteTeam "Hungary U18 Girls II"]
[BlackTeam "Poland U18 Girls II"]
[WhiteTeamCountry "HUN"]
[BlackTeamCountry "POL"]

1. e4 c5 2. Nf3 Nc6 3. d4 cxd4 4. Nxd4 g6 5. Nc3 Bg7 6. Be3 Nf6 7. Bc4 0-0 8. Bb3 Re8 9. 0-0 d6 10. h3 Na5 11. f4 Nxb3 12. axb3 b6 13. Qd3 Bb7 14. f5 Nd7 15. fxg6 hxg6 16. Nf3 Nc5 17. Bxc5 dxc5 18. Qc4 e6 19. Rae1 a6 20. Kh1 Qe7 21. e5 Rad8 22. Qf4 Rd7 23. Ne4 Bxe4 24. Rxe4 Red8 25. Qg3 Rd1 26. Ree1 Rxe1 27. Rxe1 Rd5 28. Ng5 Qc7 29. Nf3 c4 30. bxc4 Qxc4 31. Qf2 Qc5 32. Qe2 b5 33. Qe4 a5 34. c3 a4 35. Qf4 Qf2 36. Qb4 Rd3 37. Rg1 Rxf3 38. Qxb5 Rf5 39. Qxa4 Bxe5 40. Qg4 Qxb2 41. Rd1 Qxc3 42. Qh4 Kg7 43. Rg1 Qg3 44. Qxg3 Bxg3 0-1

[Event "HUN-chT U18"]
[Site "Hajduboszormeny"]
[Date "2016.11.05"]
[Round "7.11"]
[White "Benedeczky, Lehel"]
[Black "Kassay, Lilla"]
[Result "1-0"]
[WhiteElo "2081"]
[BlackElo "1955"]
[PlyCount "59"]
[EventDate "2016.11.02"]
[EventType "team-swiss"]
[EventRounds "8"]
[EventCountry "HUN"]
[SourceTitle "CBM 175 Extra"]
[Source "ChessBase"]
[SourceDate "2016.12.12"]
[SourceVersion "1"]
[SourceVersionDate "2016.12.12"]
[SourceQuality "1"]

1. c4 c5 2. Nc3 Nf6 3. e3 e6 4. Nf3 b6 5. Be2 Bb7 6. 0-0 d6 7. b3 Be7 8. Bb2 Nbd7 9. d4 cxd4 10. exd4 0-0 11. Re1 a6 12. Rc1 Qc7 13. Bd3 Rfe8 14. Nd2 Rac8 15. Bb1 Qb8 16. Nf1 d5 17. Ne3 dxc4 18. bxc4 Bd6 19. h3 Bf4 20. Ne2 Bh6 21. Ng3 Qa8 22. Qe2 Bf4 23. Nh5 Nxh5 24. Qxh5 Nf6 25. Qh4 Bh6 26. d5 Nd7 27. Ng4 Bxc1 28. Qxh7+ Kf8 29. d6 f6 30. Bg6 1-0

[Event "HUN-chT U18"]
[Site "Hajduboszormeny"]
[Date "2016.11.04"]
[Round "4.5"]
[White "Juhasz, Judit"]
[Black "Kassay, Lilla"]
[Result "0-1"]
[WhiteElo "1896"]
[BlackElo "1895"]
[PlyCount "71"]
[EventDate "2016.11.02"]
[EventType "team-swiss"]
[EventRounds "8"]
[EventCountry "HUN"]
[SourceTitle "CBM 175 Extra"]
[Source "ChessBase"]
[SourceDate "2016.12.12"]
[SourceVersion "1"]
[SourceVersionDate "2016.12.12"]
[SourceQuality "1"]

1. e4 e6 2. d4 d5 3. Nd2 Nf6 4. e5 Nfd7 5. Bd3 c5 6. c3 Nc6 7. Ne2 Qb6 8. Nf3 cxd4 9. cxd4 Bb4+ 10. Bd2 f6 11. exf6 Nxf6 12. 0-0 0-0 13. a3 Bd6 14. Bc3 Bd7 15. Re1 Rae8 16. Ng3 Qc7 17. Qc2 Bf4 18. Ne5 Rc8 19. Qe2 Rce8 20. Nh5 Nxe5 21. dxe5 Nxh5 22. Qxh5 g6 23. Bxg6 hxg6 24. Qxg6+ Kh8 25. g3 Re7 26. Bb4 Rg7 27. Qh5+ Rh7 28. Qf3 Rf5 29. gxf4 Bc6 30. Qd3 d4 31. Bd2 Qg7+ 32. Qg3 Qh6 33. Kf1 Bb5+ 34. Re2 Rg7 35. Qf3 Qxh2 36. Bc1 0-1

[Event "HUN-chT2 Barcza 1617"]
[Site "Hungary"]
[Date "2016.10.09"]
[Round "2.10"]
[White "Kassay, Lilla"]
[Black "Papp, Laszlo3333"]
[Result "1-0"]
[WhiteElo "1920"]
[BlackElo "1818"]
[PlyCount "65"]
[EventDate "2016.09.25"]
[EventType "team-tourn"]
[EventRounds "11"]
[EventCountry "HUN"]
[SourceTitle "EXT 2021"]
[Source "ChessBase"]
[SourceDate "2020.10.23"]
[SourceVersion "1"]
[SourceVersionDate "2020.10.23"]
[SourceQuality "1"]
[WhiteTeam "Miskolc Kisbocsok"]
[BlackTeam "Nyiregyhaza SISE"]
[WhiteTeamCountry "HUN"]
[BlackTeamCountry "HUN"]

1. e4 e5 2. Nf3 Nc6 3. Bc4 Bc5 4. c3 Nf6 5. d3 d6 6. Bb3 0-0 7. Nbd2 Bb6 8. h3 Be6 9. Bc2 h6 10. Nf1 d5 11. Qe2 Re8 12. Ng3 Qe7 13. Nh4 Qf8 14. Qf3 dxe4 15. dxe4 Nh7 16. 0-0 Rad8 17. Nhf5 Ne7 18. Nh5 Nxf5 19. exf5 Bd5 20. Qg4 Kh8 21. c4 Bc6 22. f6 Nxf6 23. Nxf6 gxf6 24. Qh5 Qg7 25. g4 e4 26. Bxh6 Qg6 27. Qh4 Kg8 28. b4 Bd4 29. Rad1 b5 30. c5 a6 31. Bf4 Re7 32. Rfe1 f5 33. Qxe7 1-0

[Event "EU-ch U18 Girls 26th"]
[Site "Prague"]
[Date "2016.08.25"]
[Round "7"]
[White "Kassay, Lilla"]
[Black "Gitu, Paula Alexandra"]
[Result "1/2-1/2"]
[WhiteElo "2034"]
[BlackElo "2012"]
[PlyCount "89"]
[EventDate "2016.08.18"]
[EventType "swiss"]
[EventRounds "9"]
[EventCountry "CZE"]
[SourceTitle "CBM 174 Extra"]
[Source "ChessBase"]
[SourceDate "2016.10.10"]
[SourceVersion "1"]
[SourceVersionDate "2016.10.10"]
[SourceQuality "1"]

1. e4 d5 2. exd5 Qxd5 3. Nc3 Qd6 4. Bc4 Nf6 5. d3 a6 6. Nge2 b5 7. Bb3 Bb7 8. 0-0 e6 9. Ng3 Be7 10. Be3 h5 11. Nge4 Nxe4 12. Nxe4 Bxe4 13. dxe4 Qxd1 14. Raxd1 0-0 15. f4 c5 16. c4 Nc6 17. Rd7 Rfd8 18. Rfd1 Rxd7 19. Rxd7 Ra7 20. Rxa7 Nxa7 21. Bd1 g6 22. cxb5 axb5 23. b4 Kf8 24. bxc5 Ke8 25. Be2 Kd8 26. c6 Nxc6 27. Bb6+ Kc8 28. Bxb5 Kb7 29. Be3 f6 30. a4 g5 31. g3 e5 32. fxg5 fxg5 33. Kf2 Nd4 34. Bxd4 exd4 35. a5 Bf6 36. Ke2 Bd8 37. Kd3 Bxa5 38. Kxd4 Kc7 39. Ke5 h4 40. gxh4 gxh4 41. Kf6 Bb4 42. e5 Kd8 43. Kf7 Be7 44. e6 Bg5 45. Kg6 1/2-1/2

[Event "EU-ch U18 Girls 26th"]
[Site "Prague"]
[Date "2016.08.20"]
[Round "3"]
[White "Kassay, Lilla"]
[Black "Chanturia, Ani"]
[Result "0-1"]
[WhiteElo "2034"]
[BlackElo "1737"]
[PlyCount "132"]
[EventDate "2016.08.18"]
[EventType "swiss"]
[EventRounds "9"]
[EventCountry "CZE"]
[SourceTitle "CBM 174 Extra"]
[Source "ChessBase"]
[SourceDate "2016.10.10"]
[SourceVersion "1"]
[SourceVersionDate "2016.10.10"]
[SourceQuality "1"]

1. e4 c6 2. d4 d5 3. exd5 cxd5 4. Bd3 Nc6 5. c3 Nf6 6. Bf4 Bg4 7. Qb3 Qd7 8. Nd2 e6 9. Ngf3 Bxf3 10. Nxf3 Bd6 11. Bxd6 Qxd6 12. 0-0 0-0 13. Rae1 Rab8 14. Ne5 b5 15. f4 b4 16. Qd1 bxc3 17. bxc3 g6 18. Re3 Rfc8 19. Qe1 Qd8 20. Rh3 Rb2 21. Qg3 Ne7 22. Qg5 Nf5 23. Bxf5 exf5 24. Re1 Ng4 25. Qxd8+ Rxd8 26. Nc6 Rd7 27. Ra1 Rdb7 28. Rd3 Rb1+ 29. Rd1 Rxd1+ 30. Rxd1 Rc7 31. Nb4 Nf6 32. Rc1 a5 33. Na6 Rc4 34. Nc5 Ne4 35. Nxe4 fxe4 36. Kf2 f5 37. Ke3 Rc7 38. Kd2 Rb7 39. Kc2 Kf7 40. Rg1 a4 41. c4 dxc4 42. Kc3 a3 43. Kxc4 Rb2 44. h3 Rxa2 45. Kb3 Rd2 46. Kxa3 Rxd4 47. Kb3 Ke6 48. Kc3 Kd5 49. Ra1 Rd3+ 50. Kc2 Rg3 51. Rg1 Kc4 52. Kd2 Kd4 53. Ke2 e3 54. Ke1 Ke4 55. Kd1 Kxf4 56. Ke2 Ke4 57. Ke1 Kd3 58. Kd1 e2+ 59. Ke1 f4 60. Kf2 Kd2 61. h4 h6 62. Ra1 Rxg2+ 63. Kxg2 e1Q 64. Rxe1 Kxe1 65. Kf3 g5 66. Kg4 Ke2 0-1

[Event "HUN-ch U18 Girls"]
[Site "Balatonlelle"]
[Date "2016.06.29"]
[Round "6"]
[White "Kassay, Lilla"]
[Black "Fekete, Agnes"]
[Result "1/2-1/2"]
[WhiteElo "1957"]
[BlackElo "1998"]
[PlyCount "83"]
[EventDate "2016.06.24"]
[EventType "tourn"]
[EventRounds "7"]
[EventCountry "HUN"]
[SourceTitle "CBM 173 Extra"]
[Source "ChessBase"]
[SourceDate "2016.08.29"]
[SourceVersion "1"]
[SourceVersionDate "2016.08.29"]
[SourceQuality "1"]

1. e4 c5 2. Nf3 d6 3. d4 cxd4 4. Nxd4 Nf6 5. Nc3 e6 6. g4 Be7 7. g5 Nfd7 8. Be3 a6 9. h4 Nc6 10. Qd2 0-0 11. 0-0-0 Nxd4 12. Qxd4 b5 13. h5 Bxg5 14. h6 Bf6 15. Qxd6 Ne5 16. Qc5 Qe7 17. f4 Nc4 18. Bxc4 bxc4 19. hxg7 Qxc5 20. Bxc5 Re8 21. Rhg1 Bxc3 22. bxc3 Bb7 23. e5 Rac8 24. Bd6 Be4 25. Rd4 Bg6 26. Bf8 Rc6 27. Rd6 Be4 28. Be7 a5 29. Bf6 Rb8 30. Rgd1 Rcc8 31. Ra6 Rc5 32. Rb6 Rbc8 33. Rd7 h5 34. Rd2 Rd5 35. Rh2 Bf3 36. Rd6 Rb5 37. Rhd2 Bd5 38. Rh2 Bf3 39. Rhd2 Bd5 40. Rh2 Bf3 41. Rd4 Rcb8 42. Rxc4 1/2-1/2

[Event "HUN-ch U18 Girls"]
[Site "Balatonlelle"]
[Date "2016.06.26"]
[Round "3"]
[White "Kassay, Lilla"]
[Black "Miseta, Nora"]
[Result "1/2-1/2"]
[WhiteElo "1957"]
[BlackElo "1743"]
[PlyCount "85"]
[EventDate "2016.06.24"]
[EventType "tourn"]
[EventRounds "7"]
[EventCountry "HUN"]
[SourceTitle "CBM 173 Extra"]
[Source "ChessBase"]
[SourceDate "2016.08.29"]
[SourceVersion "1"]
[SourceVersionDate "2016.08.29"]
[SourceQuality "1"]

1. e4 e5 2. Nf3 Nc6 3. Bc4 d6 4. c3 g6 5. d3 Bg7 6. Bb3 Nf6 7. Nbd2 0-0 8. Nf1 d5 9. Qe2 Re8 10. Ng3 Na5 11. Bc2 d4 12. c4 c5 13. Ba4 Bd7 14. Bxd7 Nxd7 15. h4 h5 16. Bd2 a6 17. 0-0 b5 18. b3 b4 19. Ng5 Nf6 20. f4 Ng4 21. f5 Bf6 22. Rf3 Qd6 23. Raf1 Rf8 24. Nh1 Nc6 25. Nf2 Nxf2 26. R1xf2 Kg7 27. Rg3 Ne7 28. Bc1 Rh8 29. Qf1 Rhf8 30. Rgf3 Ng8 31. Rg3 Ne7 32. Rgf3 Ng8 33. g3 Nh6 34. fxg6 fxg6 35. Ne6+ Qxe6 36. Bxh6+ Kxh6 37. Rxf6 Rxf6 38. Rxf6 Qg4 39. Kg2 a5 40. Rf7 a4 41. Qc1+ g5 42. hxg5+ Kg6 43. Rf6+ 1/2-1/2

[Event "HUN-chT2 Barcza 1516"]
[Site "Hungary"]
[Date "2016.04.17"]
[Round "11.7"]
[White "Kassay, Lilla"]
[Black "Czina, Tivadar"]
[Result "1/2-1/2"]
[WhiteElo "2011"]
[BlackElo "2143"]
[PlyCount "34"]
[EventDate "2015.09.13"]
[EventType "team-tourn"]
[EventRounds "11"]
[EventCountry "HUN"]
[SourceTitle "EXT 2017"]
[Source "ChessBase"]
[SourceDate "2016.10.25"]
[SourceVersion "1"]
[SourceVersionDate "2016.10.25"]
[SourceQuality "1"]
[WhiteTeam "Miskolc KisBocsok"]
[BlackTeam "SSASSE"]
[WhiteTeamCountry "HUN"]
[BlackTeamCountry "HUN"]

1. e4 c5 2. Nf3 Nc6 3. d4 cxd4 4. Nxd4 g6 5. Nc3 Bg7 6. Be3 Nf6 7. Bc4 Qa5 8. 0-0 0-0 9. Bb3 d6 10. f3 Bd7 11. Qd2 Rfe8 12. Rad1 Qc7 13. Nde2 Ne5 14. Nf4 Nc4 15. Bxc4 Qxc4 16. Qf2 b6 17. Nd3 Bc6 1/2-1/2

[Event "HUN-chT2 Barcza 1516"]
[Site "Hungary"]
[Date "2015.11.29"]
[Round "5.7"]
[White "Lengyel, Ferenc"]
[Black "Kassay, Lilla"]
[Result "1-0"]
[WhiteElo "2096"]
[BlackElo "2016"]
[PlyCount "49"]
[EventDate "2015.09.13"]
[EventType "team-tourn"]
[EventRounds "11"]
[EventCountry "HUN"]
[SourceTitle "CBM 170 Extra"]
[Source "ChessBase"]
[SourceDate "2016.02.25"]
[SourceVersion "1"]
[SourceVersionDate "2016.02.25"]
[SourceQuality "1"]
[WhiteTeam "Kwizda Sakkiskola"]
[BlackTeam "Miskolc KisBocsok"]
[WhiteTeamCountry "HUN"]
[BlackTeamCountry "HUN"]

1. d4 Nf6 2. c4 e6 3. Nf3 b6 4. a3 Bb7 5. Nc3 Be7 6. d5 exd5 7. cxd5 d6 8. g3 0-0 9. Bg2 Nbd7 10. 0-0 Re8 11. Nd4 Ne5 12. f4 Ng6 13. e4 Bf8 14. Re1 Qd7 15. b4 Rad8 16. Bb2 Ne7 17. Rc1 c6 18. dxc6 Nxc6 19. Nf5 Nxe4 20. Bxe4 Rxe4 21. Nh6+ gxh6 22. Nxe4 Bg7 23. Bxg7 Kxg7 24. b5 Ne7 25. Qd4+ 1-0

[Event "Wch U16 Girls"]
[Site "Porto Carras"]
[Date "2015.10.27"]
[Round "3"]
[White "Kassay, Lilla"]
[Black "Eswaran, Ashritha"]
[Result "0-1"]
[WhiteElo "2089"]
[BlackElo "2207"]
[PlyCount "94"]
[EventDate "2015.10.25"]
[EventType "swiss"]
[EventRounds "11"]
[EventCountry "GRE"]
[SourceTitle "CBM 169 Extra"]
[Source "ChessBase"]
[SourceDate "2015.12.18"]
[SourceVersion "1"]
[SourceVersionDate "2015.12.18"]
[SourceQuality "1"]

1. e4 c5 2. Nf3 Nc6 3. d4 cxd4 4. Nxd4 d5 5. Nxc6 bxc6 6. exd5 Qxd5 7. Qxd5 cxd5 8. Nc3 e6 9. Be3 Bb4 10. Bd4 f6 11. a3 Bxc3+ 12. Bxc3 e5 13. 0-0-0 Bb7 14. Bb5+ Kf7 15. f3 Ne7 16. Rhe1 h5 17. Re2 h4 18. h3 g5 19. Kb1 Ng6 20. Bd2 Rhd8 21. Ba5 Rg8 22. c4 Nf4 23. Red2 d4 24. c5 Rgc8 25. Rc1 Bc6 26. Ba6 Ne6 27. Bxc8 Rxc8 28. b4 f5 29. Rcd1 Nf4 30. Re1 Kf6 31. Kb2 Ba4 32. Rc1 Ne6 33. Re1 Bc6 34. Rde2 Nf4 35. Rd2 g4 36. hxg4 fxg4 37. fxg4 Nxg2 38. Rf1+ Nf4 39. Rh2 Kg5 40. Rg1 h3 41. Kc2 e4 42. Kd2 e3+ 43. Ke1 d3 44. Kd1 Ba4+ 45. Ke1 d2+ 46. Rxd2 exd2+ 47. Kxd2 Bc6 0-1

[Event "HUN-chT U18"]
[Site "Budapest"]
[Date "2015.08.30"]
[Round "8.10"]
[White "Kassay, Lilla"]
[Black "Polyik, Peter"]
[Result "1/2-1/2"]
[WhiteElo "2017"]
[BlackElo "2178"]
[PlyCount "52"]
[EventDate "2015.08.26"]
[EventType "team-swiss"]
[EventRounds "8"]
[EventCountry "HUN"]
[SourceTitle "EXT 2016"]
[Source "ChessBase"]
[SourceDate "2015.10.08"]
[SourceVersion "1"]
[SourceVersionDate "2015.10.08"]
[SourceQuality "1"]

1. e4 c5 2. Nf3 d6 3. d4 cxd4 4. Nxd4 Nf6 5. Nc3 Nc6 6. f3 e5 7. Ndb5 a6 8. Na3 b5 9. Nd5 Nxd5 10. Qxd5 Qc7 11. Be3 Be6 12. Qd2 Be7 13. Be2 0-0 14. 0-0 Na5 15. Rad1 d5 16. exd5 Rfd8 17. Bd3 Bxd5 18. Qf2 Rab8 19. Nb1 Nc4 20. Bxc4 Bxc4 21. Rfe1 Bxa2 22. Nc3 Be6 23. Rxd8+ Bxd8 24. Ne4 a5 25. Nc5 Bc8 26. f4 Be7 1/2-1/2

[Event "HUN-chT U18"]
[Site "Budapest"]
[Date "2015.08.27"]
[Round "3.10"]
[White "Kassay, Lilla"]
[Black "Wanger, Tamas"]
[Result "1/2-1/2"]
[WhiteElo "2017"]
[BlackElo "2049"]
[PlyCount "71"]
[EventDate "2015.08.26"]
[EventType "team-swiss"]
[EventRounds "8"]
[EventCountry "HUN"]
[SourceTitle "EXT 2016"]
[Source "ChessBase"]
[SourceDate "2015.10.08"]
[SourceVersion "1"]
[SourceVersionDate "2015.10.08"]
[SourceQuality "1"]

1. e4 e6 2. d4 d5 3. e5 c5 4. c3 Nc6 5. Nf3 Nh6 6. a3 Nf5 7. b4 cxd4 8. cxd4 a6 9. Be3 f6 10. exf6 Qxf6 11. Bd3 Bd6 12. Nc3 0-0 13. Bb1 Nxe3 14. fxe3 Qh6 15. Qd3 Bg3+ 16. Kd2 Bd6 17. Bc2 Bd7 18. Raf1 Rac8 19. Rb1 Be8 20. Rhf1 Bg6 21. Qe2 Bh5 22. Qd3 Bxf3 23. gxf3 Qxh2+ 24. Ne2 Qh5 25. Rh1 Qf5 26. Qxf5 exf5 27. Bb3 Ne7 28. Nc3 f4 29. e4 Kh8 30. Nxd5 Nc6 31. Kd3 Bb8 32. Nb6 Rcd8 33. d5 Ne5+ 34. Ke2 Rf6 35. Nc4 Rg6 36. Rbg1 1/2-1/2

[Event "HUN-ch U16 Girls"]
[Site "Balatonlelle"]
[Date "2015.06.24"]
[Round "7"]
[White "Kassay, Lilla"]
[Black "Koltai, Anna"]
[Result "1-0"]
[WhiteElo "1979"]
[BlackElo "1570"]
[PlyCount "53"]
[EventDate "2015.06.18"]
[EventType "tourn"]
[EventRounds "7"]
[EventCountry "HUN"]
[SourceTitle "CBM 167 Extra"]
[Source "ChessBase"]
[SourceDate "2015.09.14"]
[SourceVersion "1"]
[SourceVersionDate "2015.09.14"]
[SourceQuality "1"]

1. e4 c5 2. Nf3 a6 3. c4 e6 4. Nc3 Qc7 5. Be2 Nc6 6. d4 cxd4 7. Nxd4 Nf6 8. a3 Be7 9. Be3 0-0 10. 0-0 Rd8 11. f4 d6 12. Rc1 Bd7 13. b4 e5 14. Nb3 Qb8 15. f5 h6 16. Qd2 Rc8 17. Qd3 Nh7 18. Nd5 Bd8 19. Rfd1 Ne7 20. Bh5 f6 21. c5 Bb5 22. Nxe7+ Bxe7 23. Qd5+ Kh8 24. cxd6 Rd8 25. Na5 b6 26. Nc6 Bxc6 27. Rxc6 1-0

[Event "HUN-ch U16 Girls"]
[Site "Balatonlelle"]
[Date "2015.06.21"]
[Round "4"]
[White "Kassay, Lilla"]
[Black "Szuhai, Beata Barbara"]
[Result "1-0"]
[WhiteElo "1979"]
[BlackElo "1823"]
[PlyCount "51"]
[EventDate "2015.06.18"]
[EventType "tourn"]
[EventRounds "7"]
[EventCountry "HUN"]
[SourceTitle "CBM 167 Extra"]
[Source "ChessBase"]
[SourceDate "2015.09.14"]
[SourceVersion "1"]
[SourceVersionDate "2015.09.14"]
[SourceQuality "1"]

1. e4 e6 2. d4 d5 3. e5 c5 4. c3 Nc6 5. Nf3 Qb6 6. a3 f6 7. Bd3 cxd4 8. cxd4 Bd7 9. Nc3 0-0-0 10. Na4 Qc7 11. Bf4 g5 12. Bg3 g4 13. exf6 Bd6 14. Bxd6 Qxd6 15. Ng5 Qf4 16. Nf7 Nxf6 17. Nxh8 Rxh8 18. Nc5 Qxd4 19. Qc2 Kb8 20. Rc1 Bc8 21. b4 Rf8 22. 0-0 Ne5 23. Ne4 Nfd7 24. Nd6 Nb6 25. Qc7+ Ka8 26. Qe7 1-0

[Event "HUN-chT2 Maroczy 1415"]
[Site "Hungary"]
[Date "2015.04.26"]
[Round "9"]
[White "Kassay, Lilla"]
[Black "Karacsonyi, Gellert"]
[Result "1-0"]
[WhiteElo "1852"]
[BlackElo "1864"]
[PlyCount "89"]
[EventDate "2014.10.12"]
[EventType "team-tourn"]
[EventRounds "9"]
[EventCountry "HUN"]
[SourceTitle "EXT 2016"]
[Source "ChessBase"]
[SourceDate "2015.10.08"]
[SourceVersion "1"]
[SourceVersionDate "2015.10.08"]
[SourceQuality "1"]
[WhiteTeam "Miskolc KisBocsok"]
[BlackTeam "Kobanya Aquarena"]
[WhiteTeamCountry "HUN"]
[BlackTeamCountry "HUN"]

1. e4 e6 2. d4 d5 3. e5 c5 4. c3 Nc6 5. Nf3 Bd7 6. Bd3 Qb6 7. Bc2 Rc8 8. a3 Qc7 9. Be3 cxd4 10. Bxd4 Nxd4 11. Qxd4 Bc5 12. Qg4 Kf8 13. 0-0 Bb5 14. Re1 a6 15. a4 Be8 16. b4 Ba7 17. Ng5 g6 18. Qf4 Kg7 19. Ra3 h6 20. Nf3 Qc4 21. Qg3 Ne7 22. Nbd2 Qc6 23. Qh4 Ng8 24. Bd3 Qd7 25. Qg3 Qe7 26. h4 a5 27. Qf4 d4 28. Nxd4 g5 29. hxg5 hxg5 30. Qe4 axb4 31. cxb4 Rh4 32. g4 Qxb4 33. Nxe6+ fxe6 34. Qxb4 Bc5 35. Qxb7+ Ne7 36. Qb3 Rxg4+ 37. Kf1 Rf4 38. Ne4 Bxa3 39. Qxa3 Nd5 40. Qd6 Bf7 41. a5 Rh8 42. Ke2 Bg6 43. Qd7+ Kh6 44. Rh1+ Bh5+ 45. Kd2 1-0

[Event "HUN-chT2 Maroczy 1415"]
[Site "Hungary"]
[Date "2014.11.16"]
[Round "2"]
[White "Gyarmati, Karoly"]
[Black "Kassay, Lilla"]
[Result "0-1"]
[WhiteElo "1818"]
[BlackElo "1852"]
[PlyCount "66"]
[EventDate "2014.10.12"]
[EventType "team-tourn"]
[EventRounds "9"]
[EventCountry "HUN"]
[SourceTitle "EXT 2016"]
[Source "ChessBase"]
[SourceDate "2015.10.08"]
[SourceVersion "1"]
[SourceVersionDate "2015.10.08"]
[SourceQuality "1"]
[WhiteTeam "Penzugyor II"]
[BlackTeam "Miskolc KisBocsok"]
[WhiteTeamCountry "HUN"]
[BlackTeamCountry "HUN"]

1. d4 Nf6 2. c4 e6 3. Nc3 Bb4 4. Bg5 b6 5. Nf3 Bb7 6. e3 0-0 7. Bd3 d5 8. 0-0 h6 9. Bxf6 Qxf6 10. cxd5 exd5 11. Nb5 Rc8 12. Rc1 c6 13. Nc3 Nd7 14. Ne2 Bd6 15. Ng3 Bxg3 16. hxg3 c5 17. b3 a5 18. a4 Nf8 19. Ne5 Ne6 20. Bb5 cxd4 21. exd4 Rxc1 22. Qxc1 Nxd4 23. Qc7 Bc8 24. Bc6 Nxc6 25. Nxc6 Kh7 26. Qxb6 Ra6 27. Qc5 Qxc6 28. Qe3 Be6 29. Rc1 Qd6 30. Kh2 Rc6 31. Re1 Qc5 32. Qd2 d4 33. f4 Qc3 0-1